Sauras tu taper l'alphabet en seulement 15 secondes ? - Statistiques

Statistiques générales
  • Ce quiz a été pris 9 216 fois
  • Le résultat moyen est 22 sur 26
Statistiques - réponses
Lettre % Correct
A
100%
B
96%
C
95%
D
94%
E
94%
F
93%
G
93%
H
92%
I
92%
J
90%
K
90%
L
89%
M
89%
N
87%
O
86%
P
86%
Q
84%
R
83%
S
82%
T
81%
U
80%
V
79%
W
77%
X
74%
Y
71%
Z
70%
Aucun quiz correspondant
Distribution des résultats
% des personnes avec chaque résultat
Percentile par nombre de réponses
Votre historique - résultats
Vous n’avez pas pris ce quiz